000 00314 a2200133 4500
001 30974
082 _a954.91 ZAF
090 _c21111
_d21111
100 _aZafar M D
245 _aPakistan Studies; a textbook
260 _aLahore
_bAziz Book Depot
_c2006
300 _a431p
500 _aBE textbook H & S dept
942 _aNUST-CAE
_k954.91 ZAF
999 _c266047
_d266047